Metodología de la programación Aplicaciones en basic cobol y pascal
| Main Authors: | , |
|---|---|
| Format: | Section = Libro |
| Language: | Undetermined Spanish |
| Published: |
México
México
1989
|
| Subjects: |
| LEADER | 00598nam a2200205Ia 4500 | ||
|---|---|---|---|
| 008 | 240830s9999 xx 000 0 und d | ||
| 020 | |a 968-422-351-X | ||
| 040 | |a B-ESTELÍ- RUACS / 001.642 A347 | ||
| 041 | |a spa | ||
| 082 | |a 001.642 A347 | ||
| 100 | 1 | |a Alcalde, Eduardo | |
| 100 | 1 | |b García, Miguel | |
| 245 | 1 | 0 | |a Metodología de la programación Aplicaciones en basic cobol y pascal |
| 260 | |a México |b México |c 1989 | ||
| 300 | |a 318 p. : il | ||
| 650 | 7 | |a PROGRAMAS Y PROGRAMACION DE COMPUTADORAS | |
| 650 | 7 | |b PROGRAMACION METODOLOGIA | |
| 942 | |c BK |2 ddc | ||
| 991 | |a TEXTO | ||
| 999 | |c 10515 | ||